Atlas del estado del mundo /

Guardado en:
Detalles Bibliográficos
Autor principal: Kidron, Michael (autor)
Otros autores: Segal, Ronald (autor) (autor)
Formato: Libro
Idioma:Español
Publicado: Madrid, España : Akal, 1999, c1999
Colección:(Akal Atlas ; 2)
Temas:
Etiquetas: Agrega una etiqueta
Sin etiquetas, Sé el primero en etiquetar este registro!

MARC

LEADER 00000nam^a2200000^a^4500
001 000189435
005 20250521000000.0
009 20260310102415.037
020 |a 84-460-1104-2 
037 |a Acervo ITESO - Biblioteca 
041 |a ESP 
082 |a 909. 82  |b KID 
100 |a Kidron, Michael  |e (autor) 
240 1 1 |a [Atlas Akal] 
245 1 0 |a Atlas del estado del mundo /  |c M. Kidron, R. Segal ; tr. por Bart Goosens. 
246 2 |a Título en la cubierta: Atlas Akal del estado del mundo 
264 4 |a Madrid, España :  |b Akal,  |c 1999, c1999 
300 |a 160 p. 
336 |a texto  |b txt  |2 rdacontenido 
337 |a sin mediación  |b n  |2 rdamedio 
338 |a volumen  |b nc  |2 rdasoporte 
440 1 |a (Akal Atlas ;  |v 2) 
649 |a XX 
650 |a Población 
650 |a Estadística Vital 
650 |a Ecología Social 
650 |a Demografía 
650 |a Economía Internacional 
650 |a Geopolítica 
650 |a Historia Moderna -  |y Siglo XX -  |x Atlas -  |x Tema Principal 
700 |a Segal, Ronald  |e (autor) 
910 |a Fondo General 
920 |a Impresos - Libros 
930 |a Obras de Referencia 
905 |a 102 
901 |a 0500132268  |b IT2  |c REF  |u 20250521 
902 |a https://opac.biblio.iteso.mx/vufind/Record/000189435